| 000 | 00473nam a2200181Ia 4500 | ||
|---|---|---|---|
| 005 | 20240921120822.0 | ||
| 008 | 240921s9999||||xx |||||||||||||| ||und|| | ||
| 041 | _aENGLISH | ||
| 082 | _A621.3815 N0 | ||
| 100 | _aSonde B S | ||
| 245 | 0 | _aIntroduction to System Design using Integrated Circuits | |
| 250 | _a1st | ||
| 260 |
_c1990 _bWiley,New Delhi |
||
| 500 | _aSystem DesignExamples | ||
| 650 |
_aIntegrated Circuit _bElectronics |
||
| 942 | _cBK | ||
| 999 |
_c247614 _d247614 |
||